000 00639nam a2200217Ia 4500
003 GCL
008 140319s9999 xx 000 0 ara d
040 _aGCL /
_cGCL
082 0 4 _a963.057
_bر ا
100 1 _aرجب حراز
245 1 0 _aالامم المتحدة وقضية ارتريا 1952-1945 /
_cرجب حراز
260 _a[S.N] :
_bمعهد البحوث والدراسات العربية ،
_c1974
300 _a79 ص
490 _a
650 0 4 _aتاريخ
650 0 4 _aالامم المتحدة
650 0 4 _aافريقيا
650 0 4 _aحركات التحرير
650 0 4 _aاثيوبيا
942 _2ddc
_cBK
999 _c34812
_d34812